[Event "Sharjah Master 2024"]
[Site "Shsrjah - Abu Dhabi"]
[Date "2024.05.15"]
[Round "?"]
[White "Jumabayev, Rinat"]
[Black "Klimkowski, Jan"]
[Result "1/2-1/2"]
[WhiteElo "2595"]
[BlackElo "2517"]
[PlyCount "79"]
[EventDate "2024.05.14"]
[EventCountry "UAE"]

1. e4 e5 2. Nf3 Nc6 3. Bb5 a6 4. Ba4 Nge7 5. O-O Ng6 6. c3 d5 7. d3 Be7 8. Re1 O-O 9. Nbd2 Be6 10. Nf1 b5 11. Bb3 $146 ({RR} 11. exd5 Bxd5 12. Bc2 Qd7 13. Ng3 Rad8 14. b4 f5 15. a4 Kh8 16. axb5 axb5 17. Ra6 Qc8 18. Ra1 e4 19. dxe4 fxe4 20. Ng5 Nf4 21. Bxf4 Rxf4 22. Qh5 Bxg5 23. Qxg5 Rg4 24. Qh5 Qe6 25. Rad1 Rf4 {Chandra,A (2486)-Oparin,G (2667) Saint Louis USA 2023 1-0 (35)}) 11... Na5 12. Bxd5 Bxd5 13. exd5 Qxd5 14. d4 exd4 15. Ne3 Qd7 16. Qxd4 Rfd8 17. Qxd7 Rxd7 18. Nf5 Bf8 19. Kf1 Rad8 20. h3 c5 21. Ng3 Rd5 22. Ne2 Bd6 23. b3 f6 24. Be3 Kf7 25. Red1 Be7 26. Rxd5 Rxd5 27. Ke1 Ke6 28. Rc1 Bd6 29. Rc2 h6 30. c4 bxc4 31. bxc4 Rd3 32. Bd2 Nc6 33. Nc1 Ra3 34. Nb3 Ra4 35. Ke2 Nge5 36. Nxe5 Nxe5 37. Be3 Nxc4 38. Bxc5 Kd5 39. Bxd6 Kxd6 40. Nd4 1/2-1/2

[Event "Sharjah Master 2024"]
[Site "Shsrjah - Abu Dhabi"]
[Date "2024.05.15"]
[Round "?"]
[White "Safarli, Eltaj"]
[Black "Samant Aditya S"]
[Result "1-0"]
[WhiteElo "2594"]
[BlackElo "2499"]
[PlyCount "79"]
[EventDate "2024.05.14"]
[EventCountry "UAE"]

1. e4 c6 2. Nf3 d5 3. d3 dxe4 4. dxe4 Qxd1+ 5. Kxd1 Nf6 6. Nbd2 g6 7. Ne5 Bh6 8. Bc4 O-O 9. f3 b5 $146 ({RR} 9... Nbd7 10. Nd3 b5 11. Bb3 a5 12. a4 Bxd2 13. Bxd2 b4 14. Re1 e5 15. Bc4 Ba6 16. Bxa6 Rxa6 17. Be3 Rc8 18. c4 c5 19. Kc2 Kf8 20. Rad1 Rc7 21. Re2 Ne8 22. Nc1 Nd6 23. b3 Ke7 24. Red2 {Zhao,C (2421)-Wu,W (1818) Qingdao CHN 2024 1-0 (40)}) 10. Be2 Rd8 11. a4 b4 12. Bc4 e6 13. a5 Nfd7 14. Nd3 c5 15. Bb5 Bxd2 16. Bxd2 Ba6 17. Bxa6 Nxa6 18. Ke2 f6 19. g4 Rab8 20. g5 f5 21. Bf4 c4 22. Ne5 Nxe5 23. Bxe5 Rb7 24. Rhd1 Rbd7 25. Rxd7 Rxd7 26. Rd1 Rxd1 27. Kxd1 Kf7 28. Kd2 fxe4 29. fxe4 Nc5 30. Ke3 b3 31. cxb3 Nxb3 32. a6 Ke7 33. Bd4 Kd7 34. Bxa7 Kc6 35. Kf4 Kb5 36. Be3 Kxa6 37. Ke5 Kb5 38. Kxe6 Na1 39. Kd5 Nc2 40. Bd2 1-0

[Event "Sharjah Master 2024"]
[Site "Shsrjah - Abu Dhabi"]
[Date "2024.05.15"]
[Round "?"]
[White "Pranav, V."]
[Black "Suleymenov, Alisher"]
[Result "1-0"]
[WhiteElo "2587"]
[BlackElo "2499"]
[PlyCount "69"]
[EventDate "2024.05.14"]
[EventCountry "UAE"]

1. e4 c5 2. Nf3 Nc6 3. Nc3 g6 4. d4 cxd4 5. Nxd4 Bg7 6. Be3 Nf6 7. Bc4 O-O 8. Bb3 a5 9. f3 Nxd4 10. Bxd4 d6 11. Qd2 Bd7 $6 {Inaccuracy. b5 was best.} (11... b5 12. Nxb5) 12. a4 Bc6 13. h4 Qe8 $146 ({RR} 13... e6 14. h5 Nxh5 15. Bxg7 Kxg7 16. g4 Nf6 17. Qh6+ Kg8 18. O-O-O Qe7 19. Ne2 Rfd8 20. g5 Nh5 21. Nf4 Qf8 22. Nxh5 gxh5 23. Qf6 Qg7 24. Rxh5 Qxf6 25. gxf6 Kf8 26. Rxh7 Ke8 27. Bxe6 {1-0 (27) Vachier Lagrave,M (2734)-Ehlvest,J (2528) chess.com INT 2024}) 14. g4 e5 $2 {Mistake. h6 was best.} (14... h6 15. O-O-O b5 16. axb5 Bxb5 17. g5 Nh5 18. Bxg7 Kxg7 19. f4 a4 20. Bd5) 15. Be3 d5 16. exd5 Bd7 17. h5 e4 18. h6 Bh8 19. g5 Nh5 20. O-O-O b5 21. Nxe4 bxa4 22. Ba2 Bf5 23. Bd4 Bxe4 24. fxe4 Be5 25. Kb1 Rb8 26. Bxe5 Qxe5 27. Qd4 Rfe8 28. d6 Ng3 $6 {Inaccuracy. Qxd4 was best.} (28... Qxd4 29. Rxd4 Ng3 30. Re1 a3 31. d7 Red8 32. Rd3 Rxb2+ 33. Ka1 Rxc2 34. Rxg3) 29. Rhe1 $6 {Inaccuracy. Rhf1 was best.} (29. Rhf1 Qxd4 30. Bxf7+ Kh8 31. Rxd4 Rf8 32. Rf3 a3 33. Rxa3 Rxf7 34. Rxg3 Kg8) 29... Rbd8 $6 {Inaccuracy. Qxd4 was best.} (29... Qxd4 30. Rxd4 Re5 31. Rc4 Rd8 32. Rc7 Rxe4 33. Rxe4 Nxe4 34. Rxf7 Kh8 35. d7) 30. Qa7 Rf8 31. Qe7 Qf4 32. d7 a3 33. Qxa3 Rb8 $4 {Checkmate is now unavoidable. Qe5 was best.} (33... Qe5 34. Rd5 Qf4 35. Qc3 Nh5 36. Qd4 a4 37. Bc4 Qg3 38. Rd1 Qf4 39. Ka2) 34. Qc3 Nh5 35. e5 1-0

[Event "Sharjah Master 2024"]
[Site "Shsrjah - Abu Dhabi"]
[Date "2024.05.15"]
[Round "?"]
[White "Peralta, Fernando"]
[Black "Seemann, Jakub"]
[Result "1/2-1/2"]
[WhiteElo "2573"]
[BlackElo "2474"]
[PlyCount "49"]
[EventDate "2024.05.14"]
[EventCountry "UAE"]

1. d4 Nf6 2. c4 e6 3. Nc3 Bb4 4. e3 O-O 5. Bd2 d5 6. Nf3 b6 7. cxd5 exd5 8. Bd3 Bb7 9. Rc1 ({RR} 9. Qc2 Nbd7 10. O-O-O c5 11. Kb1 Rc8 12. g4 cxd4 13. Nxd4 Ne5 14. Bf5 Rc7 15. g5 Ne4 16. Nxe4 Rxc2 17. Bxb4 Rc7 18. Bxf8 Qxf8 19. Nd2 g6 20. Bc2 Ba6 21. N2b3 Qc8 22. h4 Nf3 23. Nxf3 Rxc2 {Nguyen Ngoc Truong Son (2633)-Pranav,V (2611) chess.com INT 2024 0-1}) 9... Be7 10. O-O c5 11. Ne5 Bd6 $146 ({RR} 11... Nc6 12. Ne2 Rc8 13. f4 Bd6 14. Bc3 Re8 15. Ng3 cxd4 16. exd4 b5 17. Bxb5 Qb6 18. Bxc6 Bxc6 19. Kh1 Bb5 20. Re1 Ba6 21. Qf3 Ne4 22. Nxe4 dxe4 23. Qxe4 Bb7 24. Qd3 f6 25. Nf3 Bxf4 26. Rcd1 {Fiorito,J (2409)-Kilic,E (2439) chess.com INT 2024 1-0 (56)}) ({RR} 11... a6 12. f4 Nc6 13. Be1 cxd4 14. Nxc6 Bxc6 15. Ne2 Bd7 16. Nxd4 Re8 17. Qf3 Ne4 18. Bxe4 dxe4 19. Qxe4 Bc5 20. Qf3 Bb5 21. Rf2 Bd3 22. Bc3 Qd7 23. Rd2 Be4 24. Qg3 Bf8 25. h3 f6 26. Kh2 {Agasarov,B (2340)-Movahed,S (2450) Yerevan ARM 2024 1-0 (62)}) 12. Nb5 Be7 13. Be1 Nc6 14. Nxc6 Bxc6 15. dxc5 bxc5 16. Nd4 cxd4 17. Rxc6 dxe3 18. fxe3 Rc8 19. Rxc8 Qxc8 20. Bc3 Qe6 21. Bd4 Ne4 22. Bxa7 Ra8 23. Qb3 Nd2 24. Qb7 Rxa7 25. Qxa7 1/2-1/2

[Event "Sharjah Master 2024"]
[Site "Shsrjah - Abu Dhabi"]
[Date "2024.05.15"]
[Round "2.44"]
[White "Gholami Orimi, Mahdi"]
[Black "Dudin, Gleb"]
[Result "1-0"]
[WhiteElo "2470"]
[BlackElo "2554"]
[PlyCount "31"]
[EventDate "2024.05.14"]
[EventCountry "UAE"]

{[%evp 0,31,26,19,34,-16,-17,0,4,28,29,17,17,-2,-4,1,14,14,4,14,15,-1,7,5,9,3,3,-7,8,12,4,-11,-3,2]} 1. d4 Nf6 2. c4 e6 3. Nc3 Bb4 4. e3 O-O 5. Bd3 d5 6. a3 Bxc3+ 7. bxc3 dxc4 8. Bxc4 c5 9. Nf3 Qc7 10. Be2 Rd8 11. O-O b6 12. Bb2 Bb7 13. Re1 Nc6 14. c4 $146 ({RR} 14. Rc1 Rac8 15. c4 Ne7 16. Qb3 cxd4 17. exd4 Qf4 18. Rcd1 Ng6 19. Bc1 Qc7 20. Bg5 Rd7 21. h3 Ne4 22. Be3 Nd6 23. d5 e5 24. Nd2 f5 25. f3 Qd8 26. Qa4 Ba8 27. Qb4 Rdc7 28. a4 Ne7 {Soriano Quispe,I (2271)-Perez Gormaz,M (2388) Florianopolis BRA 2024 ½-½ (80)}) ({RR} 14. Rc1 Rac8 15. Bd3 c4 16. Bxc4 Na5 17. Bf1 Bxf3 18. Qxf3 Nc4 19. Bxc4 Qxc4 20. Rcd1 Qb3 21. Rd2 Ne8 22. Qd1 Qxd1 23. Rdxd1 Rc4 24. e4 Nd6 25. Rd3 Kf8 26. f3 Ke7 27. Kf2 Ra4 28. Rb1 Nc4 {Royal,S (2438)-Jacobson,B (2538) Hastings ENG 2023 1-0 (63)}) 14... Ne7 15. Ne5 Nf5 16. Bd3 1-0

[Event "Sharjah Master 2024"]
[Site "Shsrjah - Abu Dhabi"]
[Date "2024.05.16"]
[Round "3.1"]
[White "Tabatabaei, M. Amin"]
[Black "Murzin, Volodar"]
[Result "1/2-1/2"]
[WhiteElo "2707"]
[BlackElo "2631"]
[PlyCount "102"]
[EventDate "2024.05.14"]
[EventCountry "UAE"]

{[%evp 15,102,24,27,0,0,0,25,-30,33,32,35,40,33,26,69,64,51,50,50,51,50,-56,-67,-78,-65,-88,-86,-99,-95,-80,-81,-102,-98,-106,-83,-94,-95,-86,-89,-97,-76,-76,-53,-61,-60,-44,-54,-60,-2,-5,0,0,0,-5,-7,-10,-12,-13,0,0,0,-16,0,0,7,8,7,18,21,24,11,7,24,23,56,57,122,55,30,36,57,0,0,0,0,0,0,0,0]} 1. d4 d5 2. c4 c6 3. Nf3 Nf6 4. Nc3 e6 5. Bg5 Nbd7 6. e3 Be7 7. Qc2 h6 8. Bh4 O-O 9. Rg1 $146 ({RR} 9. Be2 b6 10. O-O Bb7 11. Rfd1 Rc8 12. Rac1 dxc4 13. Bxc4 c5 14. dxc5 Rxc5 15. Bb5 Rc7 $2 {[%mdl 8192]} (15... a6 $1 $11 16. Be2 Nd5 17. Bxe7 Qxe7) 16. Ne5 a6 17. Bxd7 Nxd7 18. Bxe7 Qxe7 19. Nd5 $1 {[%cal Rd5e7]} Nxe5 20. Nxe7+ Rxe7 21. Qc3 Ng6 22. Qb4 Bd5 23. f3 b5 {Sarana,A (2695)-Lewicki,M (2321) chess.com INT 2024 1-0 (43)}) ({RR} 9. Nd2 a6 10. cxd5 exd5 11. Bd3 Re8 12. O-O Nh5 13. Bxe7 Qxe7 14. Rfe1 Nf8 15. Rad1 Ne6 16. Nf1 Bd7 17. a3 Rad8 18. Ng3 Nxg3 19. hxg3 Bc8 20. b4 h5 21. f3 Qf6 22. a4 b5 23. Ne2 Rd6 {Eilenberg,J (2303)-Nogly,C (2228) Berlin GER 2024 ½-½}) ({RR} 9. h3 b6 10. g4 Bb7 11. Rg1 c5 12. O-O-O ({Only move:} 12. g5 $1 $11) 12... dxc4 13. Ne5 Nxe5 14. dxe5 Nd5 $1 15. Bxe7 Qxe7 16. Bxc4 Nxc3 17. Qxc3 Rfd8 18. Rxd8+ (18. f4 $17) 18... Rxd8 19. Rd1 Rxd1+ 20. Kxd1 Qh4 21. Qd2 g6 (21... Be4 $17 22. Bf1 h5 23. gxh5 Bd5) 22. Ke1 (22. Qd7 $11) 22... Qxh3 ({Black should try} 22... Bf3 $15 23. Qd7 Kf8) 23. Qd8+ Kh7 {Wagner,D (2613)-Iskusnyh,S (2440) chess.com INT 2024 ½-½}) 9... Ne4 10. Bxe7 Qxe7 11. O-O-O {White has an edge.} f5 $6 {Inaccuracy. Nxc3 was best.} (11... Nxc3 $1 12. Qxc3) (11... Nxc3 $1 $11 12. Qxc3 Nf6) 12. Kb1 $14 a6 13. g3 b5 14. Nh4 {Hoping for Ng6.} Qb4 15. Nxe4 fxe4 16. cxd5 exd5 17. g4 Rf6 18. Nf5 $2 {Mistake. Be2 was best.} (18. Be2 Nb6 19. g5 $1 {[%cal Rg5f6]} hxg5 20. Rxg5 Ra7 21. Ng6 Nc4 22. Bxc4 bxc4 23. Rdg1 Bf5) (18. Rg3 $14) 18... Nb6 $15 19. Ng3 Qf8 20. Rd2 Nc4 21. Bxc4 bxc4 22. Nh5 Rf3 23. g5 {With the idea gxh6.} Qf7 24. g6 Qf8 25. Ka1 a5 26. b3 Ba6 27. Rb1 Qd6 28. bxc4 Qxg6 $6 {Inaccuracy. Qxh2 was best.} (28... Qxh2 29. Nf4 $1 Bxc4 30. Qb2 {[#]} Rxf4 $1 31. f3 Qg3 32. exf4 Qxf4 33. fxe4 dxe4 34. Rf2) 29. Nf4 Rxf4 $1 30. exf4 Bxc4 {Strongly threatening ...Bd3.} 31. Qc3 $1 Qf6 (31... Rf8 $15) 32. f3 $11 Re8 {Threatens to win with ...e3.} 33. Re1 Qf7 34. fxe4 dxe4 35. Rg2 Bd5 36. Qe3 Kh7 37. Reg1 Rg8 $1 38. h4 Qf6 39. h5 c5 40. Rg6 $36 {[%mdl 2048] White is more active.} Qxd4+ ({Much worse is} 40... cxd4 $6 41. Qd2 $16) 41. Qxd4 cxd4 {[%mdl 4096] Endgame KRR-KRB} 42. Rd6 $1 {[%cal Rd6d5]} Bf7 43. Rxd4 Re8 44. Ra4 Bxh5 45. Rxa5 Bf7 {[#]} (45... Bf3 $14) 46. a4 $6 {Inaccuracy. a3 was best.} (46. a3) ({White should play} 46. a3 $1 $16) 46... e3 $14 47. Re5 {a5 is the strong threat.} g5 48. Re1 ({Better is} 48. Rxe8 $14 Bxe8 49. fxg5 Bxa4 50. Kb2) 48... gxf4 $11 {The position is equal.} 49. Rf5 {[%mdl 64] Double Attack} Re4 50. Rxf7+ Kg6 51. Rf8 {And now Rg1+ would win.} Kg7 {Accuracy: White = 82%, Black = 76%.} 1/2-1/2

[Event "Sharjah Master 2024"]
[Site "Shsrjah - Abu Dhabi"]
[Date "2024.05.16"]
[Round "?"]
[White "Fedoseev, Vladimir"]
[Black "Salem, A.R. Saleh"]
[Result "0-1"]
[WhiteElo "2701"]
[BlackElo "2629"]
[PlyCount "60"]
[EventDate "2024.05.14"]
[EventCountry "UAE"]

{[%evp 9,60,30,41,42,37,43,106,102,110,29,37,-26,-32,-58,-57,-78,-59,-70,-42,-35,-35,-48,-17,-17,-23,-30,-13,-16,75,64,86,69,93,90,86,86,124,107,119,10,156,164,191,-210,-217,-192,-207,-29984,-29985,-29993,-29994,-29994,-29995]} 1. d4 Nf6 2. c4 g6 3. h4 d6 4. Nc3 Nbd7 5. Qc2 $146 ({RR} 5. e4 e5 6. d5 Nc5 7. Qc2 a5 8. Nf3 Bg7 9. Be2 Bd7 10. Nd2 h5 11. Nb3 b6 12. Nxc5 bxc5 13. Bg5 Bh6 14. g3 Qe7 15. Qd2 Ng8 16. O-O-O f6 17. Bxh6 Nxh6 18. f3 Nf7 19. g4 Qf8 {Donchenko,A (2676)-Ragger,M (2615) Muelheim GER 2024 ½-½}) 5... c5 6. d5 a6 7. e4 b5 (7... Ne5 $14) 8. cxb5 $16 {White is better.} Bg7 9. bxa6 $6 {Inaccuracy. Nf3 was best.} (9. Nf3) (9. Nf3 $16) 9... O-O $11 10. h5 $6 {Inaccuracy. a4 was best.} (10. a4 Ne5 11. Bf4 Nfd7 12. h5 c4 13. Qd2 Bxa6 14. Bh6 Bxh6 15. Qxh6 Ng4) ({White should try} 10. Nf3 $14) 10... Nxh5 11. g4 Nhf6 $1 12. g5 Nh5 13. Be2 Bxa6 14. Bxh5 gxh5 15. f4 $1 e6 {With the idea ...Bxc3+.} 16. Nge2 Qe8 17. dxe6 fxe6 18. Ng3 Ne5 $6 {Inaccuracy. Bd4 was best.} (18... Bd4 19. Nxh5) (18... Bd4 $11 19. Nxh5 Ra7) 19. fxe5 $16 Bxe5 20. Qg2 $1 (20. Nxh5 $2 Qxh5 $1 {[%mdl 512]} 21. Qg2 Bg3+ $1 {[%mdl 512]} 22. Kd2 Qg4 $19) 20... Rb8 21. Nxh5 Qg6 22. Be3 {Black must now prevent 0-0-0.} d5 $6 {Inaccuracy. Bd3 was best.} (22... Bd3 23. O-O-O) 23. O-O-O $1 ({Reject} 23. Bxc5 $6 Rxb2 24. Qxb2 Bxc3+ 25. Qxc3 Qxe4+ 26. Kd1 Qxh1+ 27. Kc2 Qe4+ 28. Kb3 Bc4+ 29. Kb4 Be2+ 30. Qd4 Qxd4+ 31. Bxd4 Bxh5 $11) 23... d4 {[%mdl 64] Double Attack} 24. Rdg1 $6 {Inaccuracy. Qh3 was best.} (24. Qh3 $1) (24. Qh3 $1 $16 {Threatens to win with Nf6+!} dxc3 25. b3) 24... dxc3 $4 {Blunder. dxe3 was best.} (24... dxe3 25. Nf6+ Rxf6 $1 26. gxf6 Qxg2 27. Rxg2+ Kf7 28. Rh6 Bd3 29. Rg7+ Kf8 30. Rhxh7) (24... dxe3 $11 25. Nf6+ {[%mdl 64] Discovered Attack} Rxf6 26. gxf6 Qxg2 27. Rxg2+ Kf7) 25. b3 $1 {Strongly threatening Nf6+!} Bd3 {[#] aiming for ...Rxb3!} 26. Qh3 $4 {[#] Blunder. Nf6+ was best.} (26. Nf6+ $1) (26. Nf6+ $1 $18 {[%mdl 512] was the only winning move.} Bxf6 27. gxf6 Qxg2 28. Rxg2+ Kf7 29. Rg4 (29. Bxc5 Bxe4 30. Bxf8 Bxg2 $16) (29. Rxh7+ Kxf6 30. Bxc5 Rh8 $16)) 26... Rxb3 $1 $19 {[%mdl 512]} 27. axb3 {[#]} Ra8 $1 $40 {[%cal Ra8a1][%mdl 128] Black has strong attack.} 28. Kd1 $4 {[#] Checkmate is now unavoidable. Nf6+ was best.} (28. Nf6+ Bxf6) (28. Nf6+ $19 Bxf6 29. Qxe6+ {[%mdl 64] Double Attack} Qf7 30. gxf6+ Kh8 31. Qc8+ Rxc8 32. Rg7 Qxg7 33. fxg7+ Kxg7 34. Bf4) 28... Qxh5+ $3 {[%mdl 512] Black mates.} 29. Qxh5 $4 {Checkmate is now unavoidable. Rg4 was best.} (29. Rg4 Ra1+ 30. Bc1 Bf4 {[%csl Gf4][%cal Ra1c1]} 31. Ke1 Rxc1+ 32. Kf2 Rxh1 33. Qxh5 Rxh5 34. Kf3 c2) 29... Ra1+ 30. Bc1 {[#]} Rxc1+ $1 {[%mdl 576] Remove Defender, Promotion. Accuracy: White = 70%, Black = 59%.} 0-1

[Event "Sharjah Master 2024"]
[Site "Shsrjah - Abu Dhabi"]
[Date "2024.05.16"]
[Round "?"]
[White "Niemann, Hans Moke"]
[Black "Theodorou, Nikolas"]
[Result "1-0"]
[WhiteElo "2688"]
[BlackElo "2616"]
[PlyCount "93"]
[EventDate "2024.05.14"]
[EventCountry "UAE"]

{[%evp 11,93,51,55,33,25,31,62,51,78,74,77,47,51,51,51,49,36,46,76,51,46,41,101,91,135,64,60,59,79,55,103,93,137,86,168,136,143,137,175,96,233,233,239,123,189,139,244,230,235,220,236,239,239,127,295,292,290,226,260,275,296,289,278,274,326,287,307,288,331,328,431,429,429,351,345,337,338,319,313,290,288,268,491,485]} 1. e4 e5 2. Nf3 Nc6 3. Bb5 Nge7 4. O-O Ng6 5. d4 exd4 6. Nxd4 Bc5 7. Be3 ({RR} 7. Nxc6 bxc6 8. Bd3 O-O 9. Nc3 a5 10. Qh5 d6 11. Bg5 Qe8 12. Kh1 Ne5 13. Be2 f5 14. Qxe8 Rxe8 15. f3 (15. exf5 $142 Bxf5 16. Rac1) 15... Bd4 $1 16. Bd2 fxe4 17. fxe4 Bg4 18. Rae1 Bxe2 19. Rxe2 Nc4 $1 20. Bc1 Bxc3 21. bxc3 Rab8 {Smirnov,A (2586)-Artemiev,V (2711) Samarkand UZB 2023 0-1}) 7... Bxd4 8. Bxd4 Qg5 9. Bxc6 $1 $146 {White is slightly better.} ({RR} 9. Be2 {9.xc6 0.47} Nxd4 (9... Nf4 $5 10. Bf3 $8 Nxd4 11. Qxd4 Qxg2+ 12. Bxg2 Ne2+ {[%mdl 64] Double Attack} 13. Kh1 Nxd4 $11) 10. Qxd4 Nf4 {[%csl Gf4][%cal Rg5g2]} 11. Bf3 Qxg2+ 12. Bxg2 Ne2+ 13. Kh1 Nxd4 14. Na3 (14. Nc3 $15) 14... d6 15. Rad1 Ne6 16. f4 Bd7 17. f5 Nc5 $2 (17... Nd8 $1 $19 18. f6 gxf6 19. Rxf6 Nc6) 18. b4 ({Only move:} 18. e5 $1 $15) 18... Na4 19. c4 f6 20. Nc2 O-O-O 21. Ne3 Rhe8 22. Rd3 Kb8 23. Kg1 Bc6 {Kaufman,L (2196)-Vaibhav,S (2597) chess.com INT 2024 0-1 (53)}) 9... dxc6 10. f4 Nxf4 {[%csl Gf4][%cal Rg5g2]} 11. Qd2 Ne6 12. Qxg5 Nxg5 13. Bxg7 Rg8 14. Bf6 h5 15. Nd2 $36 {[%mdl 2048] White has good play.} Be6 16. Rae1 b6 (16... c5 $14) 17. Re3 $1 $16 {[%cal Re3g3]} Rg6 18. Rd3 $6 {Inaccuracy. Rf5 was best.} (18. Rf5 $1 Nh7) (18. Rf5 $1 $16 Kd7 19. Rd3+ (19. Rxg5 Rxf6 20. Rxh5 Ke7 $16) 19... Kc8 20. Rxg5 Rxf6 21. Rxh5) 18... c5 $14 19. b3 Rc8 20. c4 Nh7 21. Bh4 Ng5 22. e5 Bg4 $6 {Inaccuracy. a6 was best.} (22... a6 23. Rg3 Nh7 $1 24. Ne4 Kd7 25. h3 Kc6 26. Kh2 b5 27. cxb5+ axb5 28. Rc3 $1) (22... a6 $16 {might work better.}) 23. Rf2 $18 Be6 {intending ...Nh3+.} 24. Kh1 a6 25. a4 $6 {Inaccuracy. h3 was best.} (25. h3 $1 b5 26. Rg3 $1 Nh7 27. Rc3 bxc4 28. bxc4 Ng5 29. Rg3 Nh7 30. Rd3 Ng5) ({White should play} 25. h3 $1 $18) 25... Rb8 $2 {Mistake. Bd7 was best.} (25... Bd7 26. h3 Bc6 27. Kh2 Ne6 28. Re3 Nd4 29. Ne4 Bxe4 30. Rxe4 Nxb3 31. Ref4) (25... Bd7 $16) 26. h3 $1 Ra8 27. Rf1 $6 {Inaccuracy. Kh2 was best.} (27. Kh2 Rb8 28. Rg3 Nh7 29. Rgf3 Ng5 30. Rd3 Ra8 31. Nf1 b5 {[#]} 32. Rf4 $1 Rb8) (27. Rg3 $18) 27... Rb8 (27... b5 $16) 28. Kh2 Ra8 $6 {Inaccuracy. b5 was best.} (28... b5 {[#]} 29. Rf6 $1) (28... b5 $16 {was called for.} 29. axb5 axb5) 29. Rf4 Rb8 30. Rf2 Ra8 31. Rf4 Rb8 32. Kh1 $6 {Inaccuracy. Nf1 was best.} (32. Nf1) (32. Nf1 $18) 32... Ra8 $2 {Mistake. b5 was best.} (32... b5) (32... b5 $16) 33. Nf1 Bd7 34. Ng3 Bc6 35. Kh2 (35. Nxh5 Ne6 $14) 35... b5 36. Rf5 ({Less strong is} 36. Nxh5 Ne6 $16) 36... Ne6 37. Rxh5 Rg8 38. Rh6 bxc4 39. bxc4 Rb8 {With the idea ...Rb2.} 40. Rd2 Rb1 41. Nh5 {Strongly threatening Nf6+.} Kf8 42. Rf2 $6 {Inaccuracy. Nf6 was best.} (42. Nf6 Rd1 43. Rb2 Rg6 44. Rb8+ Ke7 {[%csl Gc6][%cal Rg6g2]} 45. Ne4+ Kd7 46. Nxc5+ Nxc5 {[%csl Gc6][%cal Rg6g2]} 47. Rxg6 fxg6) 42... Rf1 {And now ...Rxf2 would win.} 43. Rb2 {Hoping for Rb8+.} (43. Rxf1 Rxg2+ 44. Kh1 Rg6+ 45. Kh2 Rg2+ 46. Kh1 Rg6+ 47. Kh2 Rg2+ $11) 43... Rb1 44. Rf2 ({And not} 44. Rxb1 Rxg2+ 45. Kh1 Rb2+ 46. Kg1 Rxb1+ 47. Kf2 Ke8 $11) 44... Rf1 {aiming for ...Rxf2.} 45. Rhf6 {Threatens to win with Rxf7+.} ({Worse is} 45. Rxf1 Rxg2+ 46. Kh1 Rg6+ 47. Kh2 Rxh6 $15) 45... Rxf2 46. Rxf2 Bxg2 $2 {Mistake. Bxa4 was best.} (46... Bxa4 47. g4) (46... a5 {was worth a try.} 47. g4 Nd4) 47. Rxg2 {Accuracy: White = 68%, Black = 45%.} 1-0

[Event "Sharjah Master 2024"]
[Site "Shsrjah - Abu Dhabi"]
[Date "2024.05.16"]
[Round "?"]
[White "Aravindh, Chithambaram VR."]
[Black "Krzyzanowski, Marcin"]
[Result "1-0"]
[WhiteElo "2670"]
[BlackElo "2526"]
[PlyCount "95"]
[EventDate "2024.05.14"]
[EventCountry "UAE"]

{[%evp 10,95,36,41,39,35,47,44,66,66,101,99,97,95,107,100,105,101,140,140,162,162,242,237,240,252,260,228,214,176,232,223,222,225,248,225,252,251,283,250,285,276,350,366,358,348,332,300,312,276,348,342,396,401,448,442,606,592,494,483,593,580,604,624,572,544,704,700,680,680,657,657,649,649,616,596,29958,29960,29961,29958,29950,29951,29943,29944,29937,1194,746,746]} 1. d4 Nf6 2. c4 e6 3. Nc3 Bb4 4. Qc2 O-O 5. e4 d6 6. a3 Bxc3+ $1 7. bxc3 e5 8. Bd3 Re8 {White is slightly better.} 9. Ne2 c5 $146 ({RR} 9... Qe7 10. f3 Nbd7 11. a4 a5 12. Bg5 Nf8 13. h4 h6 14. Be3 exd4 15. cxd4 d5 16. cxd5 Nxd5 17. Bd2 Nb4 18. Bxb4 axb4 19. O-O c6 20. Qd2 Rd8 21. Rfd1 Be6 22. a5 Ra7 23. Qe3 {[#]} (23. Rdb1 $11 {keeps the balance.}) 23... Rda8 $1 24. f4 {Sulypa,A (2451)-Bernasek,J (2515) Czech Republic CZE 2024 0-1 (40)}) 10. d5 Nbd7 {[%cal Bb8d7,Bd7f8,Bf8g6,Bg6e5,Be5c4][%mdl 32]} 11. f3 Nf8 12. Be3 Ng6 13. h4 Nh5 14. Qd2 h6 {[#]} 15. Kf2 $1 f5 $6 {Inaccuracy. a6 was best.} (15... a6 16. a4) (15... a6 $142 16. Rab1 Nf6) 16. exf5 $18 e4 17. Bxe4 ({Less strong is} 17. fxg6 exd3 18. Qxd3 Qf6 $16) (17. fxe4 Ne5 $16) 17... Ne5 18. Nf4 Nxc4 19. Qe2 Nxf4 (19... Nxe3 {was necessary.} 20. Qxe3 Nxf4 21. Qxf4 Qf6) 20. Bxf4 ({Don't take} 20. Qxc4 Nh5) 20... b5 {next ...Bxf5! is good for Black.} 21. g4 Rb8 22. Qc2 Ne5 23. g5 h5 24. Rab1 a5 25. Rhg1 Kh8 26. Bxe5 dxe5 27. Qe2 {aiming for f4.} c4 28. Rg3 Rf8 29. Qc2 Qb6+ $6 {Inaccuracy. Qd6 was best.} (29... Qd6 30. g6 Kg8 31. Rg5 Rf6 32. Rxh5 Bd7 33. Kg2 Rbf8 34. Rd1 a4 35. Rg5) 30. Kg2 Qe3 {[#]} 31. f4 $1 {[%mdl 512]} Qxf4 {[%cal Rc8f5]} 32. Rf1 Qxh4 33. Rh1 Qf4 {[%cal Rc8f5]} 34. Rf1 ({But not} 34. Rxh5+ Kg8) 34... Qh4 {If only Black now had time for ...g6!...} 35. Rh1 Qf4 {[%cal Rc8f5]} 36. Rxh5+ Kg8 {[%cal Rc8f5]} 37. f6 {Threatening mate with Bh7+.} gxf6 38. gxf6+ Kf7 39. Bg6+ Kxf6 {Threatens to win with ...Ke7.} 40. Rf3 Rg8 $6 {Inaccuracy. Qxf3+ was best.} (40... Qxf3+ 41. Kxf3) 41. Rxf4+ exf4 42. Rf5+ Bxf5 43. Qxf5+ {[%mdl 64] Double Attack} Kg7 44. Qf7+ Kh6 45. Qh7+ Kg5 46. Qh5+ Kf6 47. Qf5+ {[%mdl 64] Double Attack} Kg7 48. Kf3 {Accuracy: White = 98%, Black = 48%.} 1-0